Cristobal Colón y Pablo del Pozo Toscanelli (Record no. 22845)
[ view plain ]
| 000 -LEADER | |
|---|---|
| campo de control de longitud fija | 00766nam a2200193 i 4500 |
| 001 - NÚMERO DE CONTROL | |
| campo de control | 22845 |
| 003 - IDENTIFICADOR DE NÚMERO DE CONTROL | |
| campo de control | ES-MaACL |
| 005 - FECHA Y HORA DE LA ÚLTIMA TRANSACCIÓN | |
| campo de control | 20230906152750.0 |
| 007 - CAMPO FIJO DE DESCRIPCIÓN FÍSICA--INFORMACIÓN GENERAL | |
| campo de control de longitud fija | t| |
| 008 - DATOS DE LONGITUD FIJA--INFORMACIÓN GENERAL | |
| campo de control de longitud fija | 021205s1903 sp ||||1| spa d |
| 100 1# - ENTRADA PRINCIPAL--NOMBRE DE PERSONA | |
| Nombre de persona | Altolaguirre y Duvale, Ángel de, |
| Fechas asociadas al nombre | 1857-1939 |
| 9 (RLIN) | 20559 |
| 245 10 - MENCIÓN DEL TÍTULO | |
| Título | Cristobal Colón y Pablo del Pozo Toscanelli |
| Resto del título | : estudio crítico del proyecto formulado por Toscanelli y seguido por Colón para arribar al extremo Oriente de Asia... / |
| Mención de responsabilidad, etc. | Angel Altolaguirre y Duvale. |
| 260 ## - PUBLICACIÓN, DISTRIBUCIÓN, ETC. | |
| Lugar de publicación, distribución, etc. | Madrid : |
| Nombre del editor, distribuidor, etc. | [s.n., |
| Fecha de publicación, distribución, etc. | 1903] ( |
| Fabricante | Imprenta de Administración Militar) |
| 300 ## - DESCRIPCIÓN FÍSICA | |
| Extensión | X, 427 p. ; |
| Dimensiones | 28 cm. |
| 600 14 - PUNTO DE ACCESO ADICIONAL DE MATERIA--NOMBRE DE PERSONA | |
| Nombre de persona | Colón, Cristóbal. |
| 9 (RLIN) | 39869 |
| 600 14 - PUNTO DE ACCESO ADICIONAL DE MATERIA--NOMBRE DE PERSONA | |
| Nombre de persona | Toscanelli, Paolo dal Pozzo. |
| 9 (RLIN) | 133347 |
| 852 ## - LOCALIZACIÓN | |
| Ubicación | ES-MaACL |
| Número de control de estantería | F-12925 |
| Estatus retirado | Estado de pérdida | Estado de daño | No para préstamo | Biblioteca de origen | Biblioteca actual | Ubicación en estantería | Fecha de adquisición | Fuente de adquisición | Total de préstamos | Signatura topográfica completa | Código de barras | Visto por última vez | Precio de reemplazo | Tipo de ítem Koha |
|---|---|---|---|---|---|---|---|---|---|---|---|---|---|---|
| Biblioteca del Ateneo de Madrid | Biblioteca del Ateneo de Madrid | Sala Pecera Planta 2 | 17/01/2008 | F-12925 | 1023526 | 23/02/2023 | 23/02/2023 | Libro impreso |
